Basic Digital Electronics : Understanding number systems, boolean algebra, & and logic circuits
Сохранить в:
| Главный автор: | |
|---|---|
| Формат: | |
| Язык: | Undetermined |
| Опубликовано: |
Blue Ridge Submit
Tab Books Inc.
1975
|
| Предметы: | |
| Метки: |
Добавить метку
Нет меток, Требуется 1-ая метка записи!
|
| Thư viện lưu trữ: | Trung tâm Học liệu Trường Đại học Cần Thơ |
|---|
| LEADER | 00562nam a2200193Ia 4500 | ||
|---|---|---|---|
| 001 | CTU_82594 | ||
| 008 | 210402s9999 xx 000 0 und d | ||
| 082 | |a 621.3851 | ||
| 082 | |b R988 | ||
| 100 | |a Ryan, Ray | ||
| 245 | 0 | |a Basic Digital Electronics : | |
| 245 | 0 | |b Understanding number systems, boolean algebra, & and logic circuits | |
| 245 | 0 | |c Ray Ryan | |
| 260 | |a Blue Ridge Submit | ||
| 260 | |b Tab Books Inc. | ||
| 260 | |c 1975 | ||
| 650 | |a Digital electronic | ||
| 904 | |i QHieu (sửa) | ||
| 980 | |a Trung tâm Học liệu Trường Đại học Cần Thơ | ||